[Event "Hastings Masters op"]
[Site "Hastings"]
[Date "2024.01.02"]
[Round "6"]
[White "Obioma, Onuoha"]
[Black "Blades, Kit"]
[Result "1-0"]
[WhiteElo "1995"]
[BlackElo "1771"]
[PlyCount "87"]
[EventDate "2023.12.28"]
[EventType "swiss"]
[EventRounds "9"]
[EventCountry "ENG"]
[SourceTitle "CB02_2024"]
[SourceDate "2024.01.10"]
[SourceVersion "1"]
[SourceVersionDate "2024.01.10"]
[SourceQuality "1"]

1. e4 c5 2. Nf3 e6 3. d4 cxd4 4. Nxd4 Nc6 5. Nxc6 bxc6 6. Bd3 d5 7. 0-0 Nf6 8. e5 Nd7 9. f4 Qb6+ 10. Kh1 g6 11. Nd2 Be7 12. a4 a5 13. Nf3 Ba6 14. Qe2 c5 15. c4 d4 16. Ra3 Rb8 17. Nd2 Qc7 18. Bc2 Rb4 19. Rh3 Nb6 20. b3 Nd5 21. Ne4 Rb8 22. Bd2 Nb4 23. Bxb4 axb4 24. Rh6 Bb7 25. Ng5 Bxg5 26. fxg5 Rd8 27. Bd3 Qe7 28. Qg4 Qf8 29. Rf6 Qg7 30. Kg1 Rd7 31. Qf4 Qf8 32. Qh4 Qg7 33. Qh3 Re7 34. Kf2 0-0 35. Qh4 Ra8 36. Qg3 Kf8 37. Qh4 Kg8 38. Kg1 Bc6 39. Kf2 Bb7 40. Qf4 Kf8 41. Bxg6 Ke8 42. Rxh7 fxg6 43. Rxg7 Rxg7 44. Rxe6+ 1-0

[Event "Robinson Cup"]
[Site "Stirling"]
[Date "2023.08.19"]
[Round "3"]
[White "Boggarapu, Kritan"]
[Black "Blades, Kit"]
[Result "1/2-1/2"]
[WhiteElo "1938"]
[BlackElo "1713"]
[PlyCount "100"]
[EventDate "2023.08.18"]
[EventType "team-tourn"]
[EventRounds "6"]
[EventCountry "SCO"]
[SourceTitle "EXT 2024"]
[Source "ChessBase"]
[SourceDate "2023.10.10"]
[SourceVersion "1"]
[SourceVersionDate "2023.10.10"]
[SourceQuality "1"]
[WhiteTeam "Scotland"]
[BlackTeam "England"]
[WhiteTeamCountry "SCO"]
[BlackTeamCountry "ENG"]

1. e4 c5 2. Nf3 e6 3. d4 cxd4 4. Nxd4 Nc6 5. Nc3 Qc7 6. Be3 a6 7. Bd3 b5 8. 0-0 Bb7 9. Kh1 Nf6 10. f3 h5 11. a3 h4 12. f4 Nxd4 13. Bxd4 Nh5 14. Be3 Bc5 15. Qf3 Qb6 16. Bxc5 Qxc5 17. Qf2 Qxf2 18. Rxf2 Nf6 19. Re2 Rc8 20. e5 Nd5 21. Ne4 Ke7 22. Rf1 Nb6 23. Nd6 Rc7 24. Nxb7 Rxb7 25. b3 Rc7 26. Be4 a5 27. Bd3 Nd5 28. Ref2 b4 29. axb4 Nxb4 30. Bc4 g6 31. Rd2 a4 32. Ra1 axb3 33. cxb3 Rd8 34. Rad1 f6 35. exf6+ Kxf6 36. Rd6 Ra8 37. Kg1 Ke7 38. Rb6 Nc2 39. Kf2 Rf8 40. g3 hxg3+ 41. hxg3 g5 42. Rd2 Na3 43. Rd4 Nxc4 44. bxc4 gxf4 45. gxf4 e5 46. Rd5 Rxf4+ 47. Ke3 Rfxc4 48. Rxe5+ Kf7 49. Rf5+ Ke7 50. Re5+ Kf7 1/2-1/2

[Event "BCF-chT4 2223 (4NCL)"]
[Site "England"]
[Date "2023.04.30"]
[Round "10.63"]
[White "Blades, Kit"]
[Black "Liu, Justin"]
[Result "0-1"]
[WhiteElo "1762"]
[BlackElo "1857"]
[PlyCount "58"]
[EventDate "2022.11.05"]
[EventType "team-swiss"]
[EventRounds "11"]
[EventCountry "ENG"]
[SourceTitle "EXT 2024"]
[Source "ChessBase"]
[SourceDate "2023.10.10"]
[SourceVersion "1"]
[SourceVersionDate "2023.10.10"]
[SourceQuality "1"]
[WhiteTeam "Sussex Martlets III"]
[BlackTeam "Oxford III"]
[WhiteTeamCountry "ENG"]
[BlackTeamCountry "ENG"]

1. e4 e5 2. Nf3 Nc6 3. d4 exd4 4. Nxd4 Nf6 5. Nc3 Bb4 6. Nxc6 bxc6 7. Bd3 0-0 8. 0-0 d5 9. exd5 Bg4 10. Be2 Bxe2 11. Qxe2 cxd5 12. Bg5 c6 13. Qf3 Be7 14. Rfe1 h6 15. Be3 Re8 16. Rad1 a5 17. Ne2 Rc8 18. Ng3 Bf8 19. Bd4 Ne4 20. Nxe4 dxe4 21. Rxe4 Rxe4 22. Qxe4 c5 23. Qg4 cxd4 24. Rxd4 Qf6 25. g3 Rxc2 26. Rf4 Rc1+ 27. Kg2 Qc6+ 28. Rf3 Qc4 29. Qf5 Qf1# 0-1